000
00320nam a22001457a 4500
008
190129b xxu||||| |||| 00| 0 eng d
020
_a
9780471794486
041
_a
eng
080
_a
338
082
_2
3 rd
_a
338
100
_a
53
101
_a
MEN
245
_a
Operations Management
_c
Danreid.R
942
_2
udc
_c
BK
999
_c
53869
_d
53869